La conversión de la Magdalena
שמור ב:
| מחבר ראשי: | |
|---|---|
| פורמט: | ספר |
| שפה: | Undetermined |
| יצא לאור: |
Madrid, España
Espasa-Calpe
1957
|
| מהדורה: | 3 |
| נושאים: | |
| תגים: |
הוספת תג
אין תגיות, היה/י הראשונ/ה לתייג את הרשומה!
|
MARC
| LEADER | 00000nam a2200000Ia 4500 | ||
|---|---|---|---|
| 008 | 170316s9999 xx 000 0 und d | ||
| 040 | |a cru BVZT | ||
| 090 | |a 862 CH-1c v.2 | ||
| 100 | |a Chaide, Malón de | ||
| 245 | |a La conversión de la Magdalena | ||
| 250 | |a 3 | ||
| 260 | |a Madrid, España | ||
| 260 | |b Espasa-Calpe | ||
| 260 | |c 1957 | ||
| 300 | |a 277 páginas | ||
| 650 | |a LITERATURA ESPAÑOLA | ||
| 999 | |c 9786 |d 9786 | ||
| 942 | |c 15 D |h 862 CH-1c v.2 |2 z | ||
